Số đỏ
Sparad:
| Huvudupphovsman: | |
|---|---|
| Materialtyp: | Bok |
| Språk: | Vietnamese |
| Publicerad: |
H.
Đại học sư phạm
2008
|
| Serie: | Tác phẩm văn học trong nhà trường
|
| Ämnen: | |
| Taggar: |
Lägg till en tagg
Inga taggar, Lägg till första taggen!
|
| Thư viện lưu trữ: | Trung tâm Học liệu Lê Vũ Hùng, Trường Đại học Đồng Tháp |
|---|
| LEADER | 00819pam a22002418a 4500 | ||
|---|---|---|---|
| 001 | 00025044 | ||
| 005 | 20171026081023.0 | ||
| 008 | 110729s2008 ||||||viesd | ||
| 020 | |c 28000 | ||
| 041 | 0 | # | |a vie |
| 082 | 1 | # | |a 895.922 334 |b S450Đ |
| 100 | 1 | # | |a Vũ Trọng Phụng |
| 245 | 1 | 0 | |a Số đỏ |c Vũ Trọng Phụng |
| 260 | # | # | |a H. |b Đại học sư phạm |c 2008 |
| 300 | # | # | |a 231tr. |c 21 cm. |
| 490 | 0 | # | |a Tác phẩm văn học trong nhà trường |
| 650 | |a Tiểu thuyết | ||
| 650 | |a Việt Nam | ||
| 650 | |a Văn học hiện đại | ||
| 852 | # | # | |b Kho đọc |j KD.0010359 |
| 852 | # | # | |j KD.0010359 |j KM.0031865 |j KM.0031866 |j KM.0031867 |j KM.0031868 |j KM.0031869 |
| 910 | # | # | |a Ntuyet |d 29/07/2011 |
| 980 | # | # | |a Trung tâm Học liệu Lê Vũ Hùng, Trường Đại học Đồng Tháp |